Konkurencieschopnosť Slovenskej republiky ako destinácie cestovného ruchu

Analýza súčasného stavu cestovného ruchu v Slovenskej republike. Štatistické údaje cestovného ruchu za obdobie rokov 2004 a 2005: príjmy, výdavky, saldo. Hodnotenie konkurencieschopnosti Slovenska medzi európskymi krajinami z hľadiska cestovného ruchu - nepriaznivé. Porovnanie ukazovateľov konkurenc...

ver descrição completa

Na minha lista:
Detalhes bibliográficos
Autor principal: Bažó, Ladislav, 1980-
Formato: Capítulo de Livro
Idioma:eslovaco
Assuntos:
Tags: Adicionar Tag
Sem tags, seja o primeiro a adicionar uma tag!

MARC

LEADER 00000nla$a2200000$$$4500
001 0047193
005 20240502083126.0
041 0 |a slo 
044 |a CZ 
245 1 0 |a Konkurencieschopnosť Slovenskej republiky ako destinácie cestovného ruchu  |c Ladislav Bažó 
520 |a Analýza súčasného stavu cestovného ruchu v Slovenskej republike. Štatistické údaje cestovného ruchu za obdobie rokov 2004 a 2005: príjmy, výdavky, saldo. Hodnotenie konkurencieschopnosti Slovenska medzi európskymi krajinami z hľadiska cestovného ruchu - nepriaznivé. Porovnanie ukazovateľov konkurencieschopnosti niektorých európskych krajín podľa hodnotenia Monitoru konkurencieschopnosti WTTC v percentách. Strategické ciele rozvoja cestovného ruchu v SR. 
610 2 0 |a ruch cestovný 
610 2 0 |a služby 
610 2 0 |a kvalita 
610 2 0 |a kúpeľníctvo 
610 2 0 |a turistika 
610 2 0 |a regionalizácia 
610 2 0 |a konkurencieschopnosť 
610 2 0 |a Slovensko 
100 1 |a Bažó, Ladislav, 1980-